Première journée nationale de prévention des chutes, 1er octobre 2024, Montpellier (notice n° 1673013)

détails MARC
000 -LEADER
fixed length control field 07126cam a2200661 4500500
005 - DATE AND TIME OF LATEST TRANSACTION
control field 20260301001044.0
041 ## - LANGUAGE CODE
Language code of text/sound track or separate title fre
042 ## - AUTHENTICATION CODE
Authentication code dc
100 10 - MAIN ENTRY--PERSONAL NAME
Personal name Blain, Hubert
Relator term author
245 00 - TITLE STATEMENT
Title Première journée nationale de prévention des chutes, 1er octobre 2024, Montpellier
260 ## - PUBLICATION, DISTRIBUTION, ETC.
Date of publication, distribution, etc. 2025.<br/>
500 ## - GENERAL NOTE
General note 90
520 ## - SUMMARY, ETC.
Summary, etc. Introduction : L’ETP s’est développée en France à l’aide de la formation continue des professionnels de santé avant d’être intégrée dans les formations initiales (FI) des professionnels de santé. Cependant, certains auteurs montrent que l’offre est restée très hétérogène. Dans le contexte du développement de l’APC, comment les référentiels de compétences des différentes formations initiales en santé intègrent l’ETP ? Méthode : L’analyse porte sur les curriculums prescrits des cinq formations initiales : Diététicien, Infirmier, Masseurs-kinésithérapeute, Maïeutique et Médecin généraliste. L’analyse de la structure et du type de curriculum est combinée avec une analyse descriptive de l’intégration de l’ETP à partir de critères de contenu et de cohérence interne. Résultats : A été mise en évidence la prédominance des curriculums traditionnels qui font coexister des compétences avec une organisation par enseignement disciplinaire. L’ETP apparaît intégrée à des compétences plus larges (soins éducatifs, prévention ou promotion de la santé). La progression de l’étudiant est majoritairement exprimée en termes de connaissance (contenu). Il y a une hétérogénéité en termes de finalités (compétences, apprentissages cibles), de format (volume, organisation de la formation à l’ETP), de méthode d’enseignement et d’évaluation. Discussion : La prédominance du profil « traditionnel » (pour 4 des 5 curriculums) indique que l’APC n’est pas encore pleinement intégrée dans les curriculums prescrits en santé. Cela se traduit par des compétences qui sont peu opérationnelles, détaillées dans une section à part de la maquette de formation. Les modalités d’enseignement ou d’évaluation ne semblent pas leur être spécifiques. Au contraire, on constate un découpage de la formation selon les connaissances, c’est-à-dire le contenu des enseignements sans qu’il n’y ait de lien entre eux. Dans leurs formats actuels, les curriculums ne semblent pas soutenants pour l’intégration réellement l’ETP dans la formation initiale. Ce travail montre l’urgence de la mise en place d’un référentiel pour la formation initiale qui permettrait de développer l’ETP dans les nouveaux formats par APC. Ces propositions constituent des repères pour les décideurs et les responsables de formations qui souhaiteraient accompagner les instituts et les universités dans de telles réformes et ouvrir des perspectives d’évolution des référentiels prescrits vis-à-vis de l’ETP.
520 ## - SUMMARY, ETC.
Summary, etc. Introduction: TPE was developed in France with the help of continuing education for healthcare professionals, before being integrated into the into the undergraduate education of healthcare professionals. However, some authors have shown that it remains highly heterogeneous. In the context of the development of competency-based approach (CBA), do the prescribed curricula of the various undergraduate health education programs integrate TPE? Method: The analysis focuses on the prescribed curricula of the five initial training courses: Dietician, Nurse, Physiotherapist, Maieutician and General Practitioner. The analysis of curriculum structure and type was combined with a descriptive analysis of the integration of TPE, based on content and internal consistency criteria. Results: Our results highlight the predominance of traditional curricula in which competencies coexist with a disciplinary organization. TPE appears to be integrated into broader competencies (educational care, prevention or health promotion). Student progress is mostly expressed in terms of knowledge (content). There is heterogeneity in terms of aims (skills, target learning), format (volume, organization of TVE training), teaching method and assessment. Discussion: The predominance of the “traditional” profile (for 4 of the 5 curricula) indicates that CBA has not yet been fully integrated into prescribed health curricula. This translates into competencies that are not very operational, detailed in a separate section of the training model. Teaching and assessment methods do not appear to be specific to these competencies. On the contrary, training is divided up according to knowledge, i.e., course content, with no link between them. In their current formats, curricula do not seem to support the real integration of TPE into initial training. This work shows the urgent need to set up a reference framework for initial training, which would enable TPE to be developed in the new CBA formats. These proposals are intended as pointers for decision-makers and training managers wishing to support institutes and universities in such reforms, and to open up prospects for the evolution of the prescribed reference frameworks with regard to TPE.
700 10 - ADDED ENTRY--PERSONAL NAME
Personal name Tran, Patrice
Relator term author
700 10 - ADDED ENTRY--PERSONAL NAME
Personal name Michel, Jean-Pierre
Relator term author
700 10 - ADDED ENTRY--PERSONAL NAME
Personal name Bernard, Pierre-Louis
Relator term author
700 10 - ADDED ENTRY--PERSONAL NAME
Personal name Berrut, Gilles
Relator term author
700 10 - ADDED ENTRY--PERSONAL NAME
Personal name Salles, Nathalie
Relator term author
700 10 - ADDED ENTRY--PERSONAL NAME
Personal name d’Avrincourt, Marie-Christine
Relator term author
700 10 - ADDED ENTRY--PERSONAL NAME
Personal name Michon, Eric
Relator term author
700 10 - ADDED ENTRY--PERSONAL NAME
Personal name Pardell, M.
Relator term author
700 10 - ADDED ENTRY--PERSONAL NAME
Personal name Weber, P.
Relator term author
700 10 - ADDED ENTRY--PERSONAL NAME
Personal name Bayol, Sébastien
Relator term author
700 10 - ADDED ENTRY--PERSONAL NAME
Personal name Bouget, Catherine
Relator term author
700 10 - ADDED ENTRY--PERSONAL NAME
Personal name Coste, Olivier
Relator term author
700 10 - ADDED ENTRY--PERSONAL NAME
Personal name Gérard, Stéphane
Relator term author
700 10 - ADDED ENTRY--PERSONAL NAME
Personal name Lesenne, Cyrille
Relator term author
700 10 - ADDED ENTRY--PERSONAL NAME
Personal name Ninot, Grégory
Relator term author
700 10 - ADDED ENTRY--PERSONAL NAME
Personal name Paccard, Delphine
Relator term author
700 10 - ADDED ENTRY--PERSONAL NAME
Personal name Puisieux, François
Relator term author
700 10 - ADDED ENTRY--PERSONAL NAME
Personal name Ségu, Alain
Relator term author
700 10 - ADDED ENTRY--PERSONAL NAME
Personal name Tallon, Guillaume
Relator term author
700 10 - ADDED ENTRY--PERSONAL NAME
Personal name Vigouroux, Cyril
Relator term author
700 10 - ADDED ENTRY--PERSONAL NAME
Personal name Abdellaoui, A
Relator term author
700 10 - ADDED ENTRY--PERSONAL NAME
Personal name Annweiler, Cédric
Relator term author
700 10 - ADDED ENTRY--PERSONAL NAME
Personal name Autard, Thierry
Relator term author
700 10 - ADDED ENTRY--PERSONAL NAME
Personal name Bedbrook, Anna
Relator term author
700 10 - ADDED ENTRY--PERSONAL NAME
Personal name Bracco, L
Relator term author
700 10 - ADDED ENTRY--PERSONAL NAME
Personal name Bretton, F
Relator term author
700 10 - ADDED ENTRY--PERSONAL NAME
Personal name Cosme, B
Relator term author
700 10 - ADDED ENTRY--PERSONAL NAME
Personal name Czarlewski, Wencyslawa
Relator term author
700 10 - ADDED ENTRY--PERSONAL NAME
Personal name de Vries, Govert
Relator term author
700 10 - ADDED ENTRY--PERSONAL NAME
Personal name Nouvel, Fabrice
Relator term author
700 10 - ADDED ENTRY--PERSONAL NAME
Personal name Puyjarinet, F
Relator term author
700 10 - ADDED ENTRY--PERSONAL NAME
Personal name Robiaud, JB
Relator term author
700 10 - ADDED ENTRY--PERSONAL NAME
Personal name van Eeerd, Michel
Relator term author
700 10 - ADDED ENTRY--PERSONAL NAME
Personal name Voisin, C
Relator term author
700 10 - ADDED ENTRY--PERSONAL NAME
Personal name Vallat, Audrey
Relator term author
700 10 - ADDED ENTRY--PERSONAL NAME
Personal name Villars, H
Relator term author
700 10 - ADDED ENTRY--PERSONAL NAME
Personal name Rolland, Yves
Relator term author
700 10 - ADDED ENTRY--PERSONAL NAME
Personal name Bonin-Guillaume, Sylvie
Relator term author
700 10 - ADDED ENTRY--PERSONAL NAME
Personal name Montero-Odasso, Manuel
Relator term author
700 10 - ADDED ENTRY--PERSONAL NAME
Personal name Van der Velde, Nathalie
Relator term author
700 10 - ADDED ENTRY--PERSONAL NAME
Personal name Bousquet, Jean
Relator term author
786 0# - DATA SOURCE ENTRY
Note Gériatrie et Psychologie Neuropsychiatrie du Vieillissement | 23 | 1 | 2025-04-15 | p. 9-23 | 2115-8789
856 41 - ELECTRONIC LOCATION AND ACCESS
Uniform Resource Identifier <a href="https://stm.cairn.info/revue-geriatrie-et-psychologie-neuropsychiatrie-du-vieillissement-2025-1-page-9?lang=fr&redirect-ssocas=7080">https://stm.cairn.info/revue-geriatrie-et-psychologie-neuropsychiatrie-du-vieillissement-2025-1-page-9?lang=fr&redirect-ssocas=7080</a>

Pas d'exemplaire disponible.

PLUDOC

PLUDOC est la plateforme unique et centralisée de gestion des bibliothèques physiques et numériques de Guinée administré par le CEDUST. Elle est la plus grande base de données de ressources documentaires pour les Étudiants, Enseignants chercheurs et Chercheurs de Guinée.

Adresse

627 919 101/664 919 101

25 boulevard du commerce
Kaloum, Conakry, Guinée

Réseaux sociaux

Powered by Netsen Group @ 2025